| 000 | 00822nam a2200277Ia 4500 | ||
|---|---|---|---|
| 001 | Para_5501 | ||
| 003 | CHAP | ||
| 008 | 220125s1943 xx 000 0 und d | ||
| 010 | _a203960 | ||
| 040 | _cCHAP | ||
| 090 | _aPA FOLLETO 2813 | ||
| 100 |
_aSievers, A. F. _9105883 |
||
| 245 |
_aPlants for insecticides and rodenticides / _c by A. F. Siervers and E. C. Higbee |
||
| 260 |
_aWashington : _b Department of Agriculture |
||
| 300 | _a20 p. | ||
| 440 |
_aEUA. Dep. of Agri. Foreigh Agriculture report; 8 _9169974 |
||
| 650 |
_aPlantas insecticidas Rodenticidas _9169975 |
||
| 700 |
_aI. Higbee, E. C. _9169976 |
||
| 901 | _aPA FOLLETO 2813 | ||
| 902 | _aA | ||
| 905 | _a0000001943 WAS 0000000000 00 | ||
| 910 | _a1943 | ||
| 942 | _cPARA | ||
| 942 |
_cPARA _d1 |
||
| 999 |
_c203960 _d203960 |
||